《红日》粤语版歌词 - Statistics

General Stats
  • This quiz has been taken 23 times
  • The average score is 17 of 33
Answer Stats
歌词 % Correct
命运就算颠沛流离
100%
命运就算曲折离奇
100%
命运就算恐吓着你
93%
做人没趣味
93%
更不应舍弃
86%
我愿能一生永远陪伴你
71%
别流泪 心酸
64%
一生之中兜兜转转
57%
哪会看清楚
57%
那幼小的我
57%
让晚风
57%
轻轻吹过
57%
让晚星
57%
在某年
50%
一生之中弯弯曲曲
50%
像红日之火
50%
燃点真的我
50%
跌倒过几多几多落泪
43%
在雨夜滂沱
43%
我也要走过
43%
结伴行
43%
轻轻闪过
43%
快要沾湿我
43%
独坐一角
36%
像是没协助
36%
从何时有你有你
36%
伴我给我
36%
热烈地拍和
36%
千山也定能踏过
36%
像是在祝福你我
36%
彷徨时我也试过
29%
伴送着清幽花香
29%
闪出你每个希冀如浪花
29%
No matching quizzes found
Score Distribution
Percent of People with Each Score
Percentile by Number Answered
Your Score History
You have not taken this quiz